000
00256nam a2200109Ia 4500
008
220216s9999 xx 000 0 und d
100
_a
Jacob James
245
0
_a
Carbon dioxidinte alavu kurackan
260
_b
Rubber
_c
2010
300
_a
14-Dec
942
_c
ML
999
_c
72912
_d
72912